000
00233nam a2200097Ia 4500
001
683923
005
20250826161447.0
008
250824s9999 xx 000 0 und d
245
0
_a
LİMİT YOK
_c
ALAN GLYNN
260
_b
PORTAKAL YAYINLARI
999
_c
683923
_d
683923